Statistics for Top World Languages Ending in "ish"

Click here to take the quiz!

General Stats

  • This quiz has been taken 653 times
    (627 since last reset)
  • The average score is 7 of 12

Answer Stats

Speakers Language % Correct
405 milSpanish
93%
360 milEnglish
92%
8.7 milSwedish
75%
40 milPolish
71%
5.4 milFinnish
68%
63 milTurkish
67%
5.5 milDanish
65%
140,000Irish
56%
21 milKurdish
25%
390,000Luxembourgish
22%
7.3 milFlemish
19%
1.5 milYiddish
18%

Score Distribution

Percentile by Number Answered

Percent of People with Each Score

Your Score History

You have not taken this quiz since the last reset